2003 annual review and financial statements (Record no. 103356)
[ view plain ]
| 000 -LEADER | |
|---|---|
| fixed length control field | 01090cam a2200217 4500 |
| 001 - CONTROL NUMBER | |
| control field | J125146 |
| 008 - FIXED-LENGTH DATA ELEMENTS--GENERAL INFORMATION | |
| fixed length control field | 040216n2003 000 0 eng u |
| 035 ## - SYSTEM CONTROL NUMBER | |
| System control number | (Sirsi) u125146 |
| 041 0# - LANGUAGE CODE | |
| Language code of text/sound track or separate title | eng |
| 050 04 - LIBRARY OF CONGRESS CALL NUMBER | |
| Classification number | 333.0062 $2 18 |
| 110 2# - MAIN ENTRY--CORPORATE NAME | |
| Corporate name or jurisdiction name as entry element | Royal Institution of Chartered Surveyors |
| Subordinate unit | Finance |
| 9 (RLIN) | 5107 |
| 245 00 - TITLE STATEMENT | |
| Title | 2003 annual review and financial statements |
| 260 ## - PUBLICATION, DISTRIBUTION, ETC. | |
| Place of publication, distribution, etc. | London |
| Name of publisher, distributor, etc. | RICS |
| Date of publication, distribution, etc. | 2003 |
| 300 ## - PHYSICAL DESCRIPTION | |
| Extent | 26p. |
| Dimensions | 30cm. |
| 490 #0 - SERIES STATEMENT | |
| Series statement | RICS Financial Statements |
| 490 #0 - SERIES STATEMENT | |
| Series statement | RICS Annual Report |
| 520 ## - SUMMARY, ETC. | |
| Summary, etc. | RICS annual review and financial statements for 2003. Includes overview written by President and Chief Executive. List the members of Governing Council, Officers, Strategy and Resources Board, Investment Sub-Group, Renumeration Sub-Group, senior staff, Audit Committee and professional advisors. Includes Honorary Treasurers report, Strategy and Resources Board report and the independent report of the professional auditors. Provides listings of other RICS activities and a five year summary. |
| 651 #4 - SUBJECT ADDED ENTRY--GEOGRAPHIC NAME | |
| Geographic name | International |
| 690 ## - LOCAL SUBJECT ADDED ENTRY--TOPICAL TERM (OCLC, RLIN) | |
| Topical term or geographic name as entry element | ABOUT RICS-RICS ANNUAL REPORT |
| 942 ## - ADDED ENTRY ELEMENTS (KOHA) | |
| Suppress in OPAC | 0 |
| Withdrawn status | Lost status | Source of classification or shelving scheme | Damaged status | Not for loan | Home library | Current library | Shelving location | Date acquired | Total Checkouts | Full call number | Barcode | Date last seen | Copy number | Price effective from | Koha item type |
|---|---|---|---|---|---|---|---|---|---|---|---|---|---|---|---|
| Dewey Decimal Classification | London | London | RICS Boxes | 16/02/2004 | RICS 2003/40 | 30068642 | 06/08/2019 | 1 | 06/08/2019 | Archive | |||||
| Dewey Decimal Classification | London | London | RICS Boxes | 16/02/2004 | RICS 2003/40 | 30068643 | 06/08/2019 | 2 | 06/08/2019 | Reference material | |||||
| Dewey Decimal Classification | London | London | RICS Boxes | 16/02/2004 | RICS 2003/40 | 30068644 | 06/08/2019 | 3 | 06/08/2019 | Book |